| 000 | 01454cam a2200229 4500 | ||
|---|---|---|---|
| 001 | WB@3612-797 | ||
| 008 | 041005n2004 000 0 eng u | ||
| 035 | _a(Sirsi) u127622 | ||
| 245 | _aHelping tenant farmers diversify | ||
| 260 | _c2004 | ||
| 490 |
_aDEFRA News Release _v(388/04) 4 October 2004 (2) |
||
| 520 | _aTwo new measures have been introduced with £250 000 DEFRA backing to help tenant farmers diversify and secure a profitable future. The Tenancy Reform Industry Group's code of practice is designed to stimulate diversification in the tenanted sector. DEFRA is consulting on amending outdated legislation to remove barriers to ensure diversification does not prevent tenancy succession and to create greater flexibility for landlords and tenants to agree rent review provisions, compensation payable at the end of a tenancy and the notice period to terminate a tenancy. The code of practice is available at http://www.defra.gov.uk/farm/tenancy/index.htm#cog p and the consultation at http://www.defra.gov.uk/corporate/consult/tenancy- reform/index.htm. http://www.defra.gov.uk/news/2004/041004b.htm | ||
| 590 | _aWB | ||
| 590 | _aWB | ||
| 650 | _aAGRICULTURAL HOLDINGS ACT 1986 | ||
| 650 | _aAGRICULTURAL TENANCIES ACT 1995 | ||
| 650 | _aPROPERTY-LANDLORD AND TENANT-TENANCIES-AGRICULTURAL TENANCIES | ||
| 650 | _aTENANT FARMERS | ||
| 650 | _aDIVERSIFICATION | ||
| 690 | _aRURAL-AGRICULTURE AND FORESTRY | ||
| 942 | _n0 | ||
| 999 |
_c118119 _d118119 |
||